LEADER 01346nam a2200313 i 4500 001 000000038314 003 CaOOAMICUS 005 20070108000000.0 008 070108s1983 it u000 u ita u 013 $a8739 020 $a88-17-27409-7 040 $aSeMil$bita 100 1 $aChardin, Jean-Baptiste-Siméon,$d<1699-1779>.$0(OLS)http://semarc/name/18377 245 12$aL'opera completa di Chardin /$cPresentazione e apparati critici e filologici di Pierre Rosenberg. 260 $aMilano :$bRizzoli,$c1983. 300 $a128 p. :$bill. ;$c32 cm. 490 0 $aClassici dell'arte ;$v109 500 $aContiene : Bibliografia essenziale. 600 14$aChardin, Jean-Baptiste-Siméon <1699-1779>.$0(OLS)http://semarc/subject/7750 650 4$aArte.$0(OLS)http://semarc/subject/1231 650 4$aPittura.$0(OLS)http://semarc/subject/471 700 1 $aRosenberg, Pierre.$0(OLS)http://semarc/name/18378 830 0$aClassici dell'arte ;$v109.$0(OLS)http://semarc/title/529 850 $aSeMil 852 $aSeMil$W1$xVenegono$y1$m5M XI 41$j4469$B4469$CSeMilBibl$Z2$F4469 $81 961 $aOmaggio: Ciprandi dott. Paolo 996 $6020$a88-17-27409-7$9(OLS)http://semarc/number/7545 996 $6245$aL'opera completa di Chardin$9(OLS)http://semarc/title/54021 996 $6260$aMilano :$bRizzoli$9(OLS)http://semarc/publisher/29824 LEADER 01445nam a2200301 i 4500 001 000000124409 003 CaOOAMICUS 005 20040419000000.0 008 040419s1986 it u000 u ita u 013 $a97106 040 $aSeMil$bita 100 1 $aDalla Zorza, Carlo.$0(OLS)http://semarc/name/51687 245 13$aIl racconto evangelico di Carlo dalla Zorza /$cEnzo Fabiani ; Luigi Crivelli. 260 $aMilano :$bOrlando Consonni,$ccopyr. 1986. 300 $a155 p. :$briccamente ill. ;$c33 cm. 490 0 $aCollane d'arte del ponte rosso 500 $aVolume pubblicato in occasione della mostra tenuta a Milano il 4 dicembre 1986 nella Galleria Ponte Rosso. - Fondo Card. C.M. Martini. 600 14$aDalla Zorza, Carlo <1903-1977>.$0(OLS)http://semarc/subject/23975 650 4$aPittura - Italia - Cataloghi.$0(OLS)http://semarc/subject/23335 700 1 $aCrivelli, Luigi .$0(OLS)http://semarc/name/23262 700 1 $aFabiani, Enzo,$d<1924-2013>.$0(OLS)http://semarc/name/18788 830 0$aCollane d'arte del ponte rosso.$0(OLS)http://semarc/title/15151 850 $aSeMil 852 $aSeMil$W1$xVenegono$y1$m5M VII 60$j78993$B78993$CSeMilBibl$Z2$F82082 $81 941 1 $a4 961 $aOmaggio: Martini Card. Carlo Maria 996 $6245$aIl racconto evangelico di Carlo dalla Zorza$9(OLS)http://semarc/title/183089 996 $6260$aMilano :$bOrlando Consonni$9(OLS)http://semarc/publisher/33162